[Event "FIDE World Cup 2021"]
[Site "Krasnaya Polyana RUS"]
[Date "2021.07.19"]
[Round "3.2"]
[White "Tari, Aryan"]
[Black "Carlsen, Magnus"]
[Result "0-1"]
[WhiteElo "2639"]
[BlackElo "2847"]
[PlyCount "149"]
[EventDate "2021.07.12"]

1. e4 c5 2. Nf3 e6 3. d4 cxd4 4. Nxd4 Nc6 5. Nc3 a6 6. Bf4 d6 7. Nxc6 bxc6 8.
Qd2 e5 9. Bg5 Nf6 10. O-O-O h6 11. Bh4 Be6 12. Be2 a5 13. Kb1 Rb8 14. Ka1 Qb6
15. b3 Qb4 16. f3 Be7 17. Na4 O-O 18. Bxf6 Qxd2 19. Rxd2 gxf6 20. g4 d5 21.
Rhd1 h5 22. h3 hxg4 23. hxg4 Kg7 24. Kb2 dxe4 25. fxe4 Rh8 26. Rd3 Rh2 27. Bf3
Rf2 28. R1d2 Rxd2 29. Rxd2 Kg6 30. Rh2 Kg5 31. Nc3 Rd8 32. Ne2 a4 33. Kc3 Rb8
34. Kb2 a3+ 35. Kc1 Rd8 36. Rh5+ Kg6 37. Ng3 Bb4 38. Nf5 Bd2+ 39. Kb1 Bc3 40.
Ne7+ Kg7 41. Rh2 Rd7 42. Nf5+ Bxf5 43. gxf5 Rd4 44. Kc1 Kf8 45. Kb1 Ke7 46. Rg2
Rd8 47. Kc1 c5 48. Be2 Bb2+ 49. Kb1 Rh8 50. Rg1 Rh4 51. Bd3 Kd6 52. Rd1 Kc7 53.
Re1 Kb6 54. Rd1 Rg4 55. Re1 Ka5 56. Rd1 Kb4 57. Re1 Rf4 58. Rh1 Rg4 59. Re1 Rh4
60. Rg1 Bd4 61. Rf1 Be3 62. Rd1 Bd2 63. Rf1 Kc3 64. Rf3 Kd4 65. Rf1 c4 66. Bxc4
Kxe4 67. Bxf7 Kd4 68. c3+ Kxc3 69. Rf3+ Kd4 70. Kc2 e4 71. Rf2 Bb4 72. Bc4 Rh1
73. Bf1 Rg1 74. Re2 Rxf1 75. Rxe4+ 0-1

[Event "FIDE World Cup 2021"]
[Site "Krasnaya Polyana RUS"]
[Date "2021.07.19"]
[Round "3.2"]
[White "Kovalev, Vladislav"]
[Black "Cheng, Bobby"]
[Result "1/2-1/2"]
[WhiteElo "2637"]
[BlackElo "2552"]
[PlyCount "100"]
[EventDate "2021.07.12"]

1. e4 c6 2. d4 d5 3. exd5 cxd5 4. Bd3 Nc6 5. c3 Qc7 6. h3 e6 7. Nf3 Bd6 8. O-O
Nge7 9. Re1 O-O 10. b3 b6 11. Na3 a6 12. Nc2 b5 13. Qe2 Ng6 14. Bd2 Nf4 15.
Bxf4 Bxf4 16. Ne3 Bb7 17. Ng4 Rfe8 18. Qc2 h5 19. Ne3 Rac8 20. Qe2 Qd8 21. Rac1
Kf8 22. g3 Bh6 23. Nh4 b4 24. Qxh5 bxc3 25. Rxc3 Nxd4 26. Rxc8 Bxc8 27. Nf3 Qf6
28. Nxd4 Qxd4 29. Qe2 Bxe3 30. Qxe3 Qxe3 31. fxe3 Ke7 32. Rc1 Kd6 33. b4 e5 34.
h4 Bb7 35. Kf2 Re6 36. Be2 d4 37. exd4 exd4 38. Rc5 Re3 39. Ra5 Rc3 40. Bxa6
Rc2+ 41. Ke1 Be4 42. Ra3 Rb2 43. Bc4 Rxb4 44. Ra6+ Kc5 45. Bb3 Rb7 46. Kd2 f5
47. Ra5+ Kd6 48. Ra6+ Kc5 49. Ra5+ Kd6 50. Ra6+ Kc5 1/2-1/2

[Event "FIDE World Cup 2021"]
[Site "Krasnaya Polyana RUS"]
[Date "2021.07.19"]
[Round "3.2"]
[White "Giri, Anish"]
[Black "Abdusattorov, Nodirbek"]
[Result "1/2-1/2"]
[WhiteElo "2776"]
[BlackElo "2634"]
[PlyCount "64"]
[EventDate "2021.07.12"]

1. e4 e6 2. d4 d5 3. e5 c5 4. c3 Qb6 5. Nf3 Nc6 6. a3 Bd7 7. b4 cxd4 8. cxd4
Rc8 9. Bb2 Na5 10. Nbd2 Nc4 11. Nxc4 dxc4 12. Rc1 Qa6 13. d5 exd5 14. Qxd5 Ne7
15. Qd6 Qxd6 16. exd6 Nf5 17. Rxc4 Bxd6 18. Rxc8+ Bxc8 19. Bc4 O-O 20. O-O Be7
21. Re1 Rd8 22. h3 Kf8 23. Bb3 f6 24. Rc1 Bd6 25. Rd1 Bc7 26. Rxd8+ Bxd8 27.
Kf1 h5 28. Nd4 Nxd4 29. Bxd4 b6 30. h4 Ke7 31. Ke2 Be6 32. Bc2 Bd5 1/2-1/2

[Event "FIDE World Cup 2021"]
[Site "Krasnaya Polyana RUS"]
[Date "2021.07.19"]
[Round "3.2"]
[White "Pichot, Alan"]
[Black "Grischuk, Alexander"]
[Result "1/2-1/2"]
[WhiteElo "2630"]
[BlackElo "2778"]
[PlyCount "75"]
[EventDate "2021.07.12"]

1. e4 e5 2. Nf3 Nc6 3. Bc4 Bc5 4. d3 Nf6 5. Bg5 Be7 6. Bh4 O-O 7. Bg3 d6 8. a4
Kh8 9. Nc3 Ng8 10. Nd5 f5 11. h3 Nf6 12. Qe2 Nxd5 13. Bxd5 Bf6 14. c3 a5 15.
Bh2 Ne7 16. Bb3 fxe4 17. Qxe4 Bf5 18. Qe2 Qe8 19. Bc2 Nd5 20. O-O Qc6 21. Bb3
Bg6 22. d4 exd4 23. cxd4 Bf7 24. Rac1 Qd7 25. Rfe1 Rfe8 26. Qd2 Nb4 27. Qc3
Bxb3 28. Qxb3 Rxe1+ 29. Rxe1 Re8 30. Rc1 h6 31. Bf4 b6 32. Bd2 c5 33. dxc5 bxc5
34. Bc3 Bxc3 35. bxc3 Nd3 36. Rb1 Qf5 37. Qb5 Rf8 38. Rf1 1/2-1/2

[Event "FIDE World Cup 2021"]
[Site "Krasnaya Polyana RUS"]
[Date "2021.07.19"]
[Round "3.2"]
[White "Mamedyarov, Shakhriyar"]
[Black "Martirosyan, Haik M."]
[Result "1-0"]
[WhiteElo "2782"]
[BlackElo "2632"]
[PlyCount "171"]
[EventDate "2021.07.12"]

1. c4 e5 2. Nc3 Nf6 3. Nf3 Nc6 4. e3 Bb4 5. Qc2 Bxc3 6. Qxc3 Qe7 7. d4 Ne4 8.
Qd3 exd4 9. Nxd4 Nc5 10. Qd1 Nxd4 11. Qxd4 O-O 12. b3 b6 13. Bb2 f5 14. Qd5+
Kh8 15. Qe5 Qxe5 16. Bxe5 d6 17. Bd4 a5 18. f3 Bd7 19. h4 Rae8 20. h5 h6 21.
Kd2 Re7 22. Be2 Rfe8 23. Rae1 a4 24. b4 Na6 25. b5 Nc5 26. Rh4 a3 27. Bd1 Be6
28. Bc2 Nd7 29. Kc3 Ne5 30. Bb3 Bf7 31. Reh1 Rc8 32. Rf4 c6 33. bxc6 Rxc6 34.
Bxe5 Rxe5 35. Kb4 Kg8 36. Rd1 Kf8 37. Ba4 Rc7 38. Rxd6 Rb7 39. Bc6 Ke7 40. Rfd4
Rc7 41. Rd7+ Rxd7 42. Rxd7+ Kf8 43. Rd8+ Ke7 44. Rd7+ Kf8 45. Rd3 Bxc4 46. Kxc4
Rc5+ 47. Kb3 Rxc6 48. Rd5 Rf6 49. Kxa3 g6 50. hxg6 Kg7 51. Kb4 Rxg6 52. Rd7+
Kg8 53. Rd2 Kg7 54. Kb5 h5 55. Rc2 Kf7 56. a4 Kg7 57. Ka6 Kf7 58. Kb7 Kg7 59.
Rb2 Kh7 60. Kc7 Kg7 61. Rd2 Kf7 62. Kd7 Rg8 63. Kc6 Rg6+ 64. Kb5 Kg7 65. Ka6
Kf7 66. Kb7 Kg7 67. Kc7 Kf7 68. Rd7+ Kg8 69. Rd5 f4 70. e4 Rxg2 71. Kxb6 h4 72.
a5 Rb2+ 73. Kc6 h3 74. Rh5 h2 75. a6 Ra2 76. Kb6 Kg7 77. a7 Rb2+ 78. Kc5 Ra2
79. Rxh2 Rxa7 80. Rh4 Kf6 81. Rxf4+ Ke6 82. Kd4 Ra3 83. Rf5 Rb3 84. f4 Rb4+ 85.
Ke3 Rb3+ 86. Ke2 1-0

[Event "FIDE World Cup 2021"]
[Site "Krasnaya Polyana RUS"]
[Date "2021.07.19"]
[Round "3.2"]
[White "Paravyan, David"]
[Black "Vachier-Lagrave, Maxime"]
[Result "1/2-1/2"]
[WhiteElo "2625"]
[BlackElo "2749"]
[PlyCount "64"]
[EventDate "2021.07.12"]

1. e4 c5 2. Nf3 d6 3. d4 cxd4 4. Nxd4 Nf6 5. Nc3 a6 6. Be3 e5 7. Nb3 Be7 8. f3
Be6 9. Qd2 O-O 10. O-O-O Nbd7 11. g4 b5 12. g5 Nh5 13. Nd5 Bxd5 14. exd5 f6 15.
gxf6 Bxf6 16. Na5 Qe8 17. Qb4 Bd8 18. Nb7 Rxf3 19. Nxd6 Qe7 20. Bd2 Nhf6 21.
Ne4 Qxb4 22. Nxf6+ Nxf6 23. Bxb4 Rc8 24. h4 Ng4 25. Be2 Rf2 26. Rd2 Ne3 27. Bc3
Bb6 28. Bd3 Rxd2 29. Kxd2 Nxd5 30. Bxe5 Re8 31. Bg3 Be3+ 32. Kd1 Bh6 1/2-1/2

[Event "FIDE World Cup 2021"]
[Site "Krasnaya Polyana RUS"]
[Date "2021.07.19"]
[Round "3.2"]
[White "Sindarov, Javokhir"]
[Black "Cori, Jorge"]
[Result "1-0"]
[WhiteElo "2558"]
[BlackElo "2652"]
[PlyCount "157"]
[EventDate "2021.07.12"]

1. e4 c6 2. d4 d5 3. f3 e6 4. Nc3 Bb4 5. Bd2 Ne7 6. a3 Ba5 7. Bd3 Bb6 8. Nge2
dxe4 9. Nxe4 Nf5 10. Bf4 O-O 11. Qd2 Nxd4 12. Nxd4 Qxd4 13. O-O-O e5 14. Bg5 f6
15. Qe2 Be6 16. Ba6 Nxa6 17. Rxd4 Bxd4 18. Be3 Rad8 19. Rd1 Bxe3+ 20. Qxe3
Rxd1+ 21. Kxd1 Rd8+ 22. Kc1 b6 23. g4 Nc7 24. g5 Nd5 25. Qe1 Bf5 26. gxf6 Bxe4
27. f7+ Kxf7 28. Qxe4 g6 29. c4 Nf4 30. Kc2 Ne6 31. Qxe5 c5 32. Kc3 Rd1 33. Qb8
Rd7 34. b4 cxb4+ 35. axb4 Rc7 36. Qh8 Nf8 37. Qe5 Re7 38. Qd5+ Kf6 39. c5 bxc5
40. bxc5 Re5 41. Qd6+ Ne6 42. c6 Rc5+ 43. Kd2 Rc4 44. Qd5 Rf4 45. c7 Nxc7 46.
Qd8+ Kg7 47. Qxc7+ Rf7 48. Qe5+ Kg8 49. Ke3 h5 50. Ke4 Kh7 51. Qc5 Kg7 52. Qc3+
Kh7 53. Qa3 Kg7 54. h4 Kh7 55. f4 Kg7 56. Qc3+ Kh7 57. Qc4 Kg7 58. Kd5 Rf5+ 59.
Ke6 a5 60. Qd4+ Kg8 61. Kd6 Kh7 62. Kc6 Kg8 63. Kb6 Kf7 64. Qd7+ Kf6 65. Qc7 a4
66. Qc6+ Kg7 67. Qxa4 Rf6+ 68. Kc7 Rf7+ 69. Kd6 Rf6+ 70. Ke5 Rf5+ 71. Ke4 Rf8
72. Qd7+ Rf7 73. Qd4+ Kg8 74. Ke5 Rf8 75. Ke6 Kh7 76. Ke7 Kg8 77. Qf6 Rxf6 78.
Kxf6 Kh7 79. Kf7 1-0

[Event "FIDE World Cup 2021"]
[Site "Krasnaya Polyana RUS"]
[Date "2021.07.19"]
[Round "3.2"]
[White "Ponkratov, Pavel"]
[Black "Vakhidov, Jakhongir"]
[Result "1-0"]
[WhiteElo "2629"]
[BlackElo "2534"]
[PlyCount "163"]
[EventDate "2021.07.12"]

1. e4 c5 2. Nf3 g6 3. c4 Bg7 4. d4 cxd4 5. Nxd4 Nc6 6. Be3 Qb6 7. Nb3 Qd8 8.
Qd2 Nf6 9. f3 d6 10. Nc3 O-O 11. Be2 Be6 12. O-O Nd7 13. Rac1 a5 14. Na1 a4 15.
Nc2 Qa5 16. Na3 Nb6 17. Rfd1 Qb4 18. Nd5 Qxd2 19. Rxd2 Nd7 20. Nb5 Nc5 21. Bg5
f6 22. Be3 Bf7 23. Re1 Rfd8 24. Red1 Bf8 25. Kf1 Nd7 26. Rd3 Rdc8 27. Ra3 Nce5
28. Rc3 Nc6 29. c5 Nxc5 30. Nb6 Bxa2 31. Nxc8 Rxc8 32. Bxc5 dxc5 33. Rxc5 e6
34. Rcc1 Bh6 35. Rc3 Bf4 36. Bc4 Bxc4+ 37. Rxc4 Ra8 38. g3 Be5 39. Rd2 g5 40.
Ke2 Ra5 41. Na3 Ra6 42. Kd1 Kf7 43. Rc5 Nd4 44. Rd3 Bd6 45. Rc8 e5 46. Nc2 b5
47. Nxd4 exd4 48. Kc2 b4 49. Kb1 Be5 50. Rc1 Kg6 51. Rf1 f5 52. exf5+ Kxf5 53.
Rc1 Ra5 54. Rd2 h5 55. Rc8 a3 56. Rf8+ Kg6 57. Rd3 axb2 58. Kxb2 Bg7 59. Rb8
Re5 60. Rb6+ Kf5 61. Kb3 Re2 62. Rb5+ Kg6 63. f4 gxf4 64. gxf4 h4 65. Rg5+ Kf7
66. h3 Rf2 67. f5 Bf6 68. Rh5 Kg7 69. Kxb4 Rg2 70. Kc5 Bg5 71. Kxd4 Kf6 72. Rf3
Kg7 73. Rb3 Kf6 74. Rb5 Rg3 75. Rh8 Rxh3 76. Rg8 Rg3 77. Rg6+ Kf7 78. Rb7+ Kf8
79. Ra6 Re3 80. Ra8+ Re8 81. Rxe8+ Kxe8 82. Ke4 1-0

[Event "FIDE World Cup 2021"]
[Site "Krasnaya Polyana RUS"]
[Date "2021.07.19"]
[Round "3.2"]
[White "Karjakin, Sergey"]
[Black "Oparin, Grigoriy"]
[Result "1/2-1/2"]
[WhiteElo "2757"]
[BlackElo "2654"]
[PlyCount "76"]
[EventDate "2021.07.12"]

1. e4 c5 2. Nf3 d6 3. Bb5+ Nd7 4. d4 cxd4 5. Qxd4 a6 6. Bxd7+ Bxd7 7. O-O Nf6
8. Bg5 e6 9. Nbd2 Bc6 10. Rfd1 Be7 11. e5 dxe5 12. Qxd8+ Rxd8 13. Nxe5 Rc8 14.
Nxc6 Rxc6 15. c4 Nd7 16. Be3 Bc5 17. Bxc5 Nxc5 18. b4 Na4 19. c5 Ke7 20. Nc4 b6
21. Nxb6 Nxb6 22. cxb6 Rxb6 23. a3 Rc8 24. Rac1 Rd6 25. Kf1 Rxd1+ 26. Rxd1 Rc3
27. a4 Ra3 28. a5 Rb3 29. Rc1 Rxb4 30. Rc6 Ra4 31. Rxa6 g5 32. g3 h5 33. Ra8
Kf6 34. a6 Kf5 35. a7 Ra2 36. Kg2 e5 37. h4 gxh4 38. Rh8 Rxa7 1/2-1/2

[Event "FIDE World Cup 2021"]
[Site "Krasnaya Polyana RUS"]
[Date "2021.07.19"]
[Round "3.2"]
[White "Lupulescu, Constantin"]
[Black "Harikrishna, Pentala"]
[Result "1/2-1/2"]
[WhiteElo "2659"]
[BlackElo "2730"]
[PlyCount "91"]
[EventDate "2021.07.12"]

1. e4 c6 2. d4 d5 3. e5 Bf5 4. h4 h5 5. c4 e6 6. Nc3 dxc4 7. Bxc4 Nd7 8. Nf3
Nb6 9. Be2 Ne7 10. O-O Bg4 11. Bg5 Qd7 12. Nh2 Bxe2 13. Qxe2 Nf5 14. Nf3 Be7
15. Bxe7 Qxe7 16. g3 Rd8 17. Rfd1 f6 18. Rd3 O-O 19. Re1 Rfe8 20. Ne4 Nd5 21.
Ra3 a6 22. Rc1 Qf7 23. Nc5 Re7 24. Rb3 Rde8 25. Kh2 Nh6 26. Kg1 Nf5 27. Re1 Kh8
28. Qd2 Kg8 29. a4 Rd8 30. a5 Rde8 31. Re4 Qg6 32. Qe1 Qf7 33. Rd3 Nh6 34. exf6
gxf6 35. Rd2 Nf5 36. Rde2 Ng7 37. Nd2 f5 38. Re5 Nf6 39. Nc4 Rd8 40. Rd2 Ng4
41. Ree2 Qf6 42. Ne5 Rd5 43. Nxg4 fxg4 44. Re5 Nf5 45. Rxd5 exd5 46. Qd1
1/2-1/2

[Event "FIDE World Cup 2021"]
[Site "Krasnaya Polyana RUS"]
[Date "2021.07.19"]
[Round "3.2"]
[White "Duda, Jan-Krzysztof"]
[Black "Sevian, Samuel"]
[Result "1-0"]
[WhiteElo "2738"]
[BlackElo "2647"]
[PlyCount "159"]
[EventDate "2021.07.12"]

1. d4 Nf6 2. c4 e6 3. Nc3 Bb4 4. Qc2 d5 5. a3 Bxc3+ 6. Qxc3 O-O 7. Nf3 dxc4 8.
Qxc4 b6 9. Bg5 Ba6 10. Qa4 Qd7 11. Qc2 c5 12. dxc5 Rc8 13. Bxf6 gxf6 14. Rd1
Qb5 15. h4 Qxc5 16. Qxc5 bxc5 17. Nd2 Kf8 18. Rh3 Nd7 19. Rc3 Rab8 20. b3 Ke7
21. e4 Rc6 22. Bc4 Rcb6 23. Ke2 Bxc4+ 24. Rxc4 Ra6 25. Ra1 Rg8 26. g3 Rb8 27.
Rc3 Rab6 28. Kd1 Rb5 29. Kc2 Ne5 30. a4 Ra5 31. Nc4 Nxc4 32. Rxc4 Rd8 33. Re1
Rd7 34. Re3 Rd4 35. Rec3 Kd6 36. Rd3 Rxd3 37. Kxd3 Ra6 38. b4 cxb4 39. Rxb4 Kc7
40. Rb5 e5 41. a5 Rd6+ 42. Ke3 a6 43. Rb3 Rc6 44. Kf3 Rc4 45. Rb6 Rc6 46. Rxc6+
Kxc6 47. Kg4 Kb5 48. Kh5 Kxa5 49. Kh6 Kb5 50. Kxh7 a5 51. h5 a4 52. h6 a3 53.
Kg7 a2 54. h7 a1=Q 55. h8=Q Qe1 56. Qe8+ Kc5 57. Qa4 Qe2 58. Qa7+ Kd6 59. Qb6+
Kd7 60. Qb7+ Kd8 61. Qd5+ Kc8 62. Qc6+ Kb8 63. Qe8+ Kc7 64. Qxf7+ Kb8 65. Qe8+
Kc7 66. Qe7+ Kc8 67. Qe6+ Kc7 68. Qf5 Qd3 69. Kxf6 Qd8+ 70. Kg7 Qd4 71. g4 Kb6
72. g5 Ka5 73. f4 Ka4 74. Qxe5 Qd7+ 75. Kh6 Qh3+ 76. Kg6 Qc8 77. Qd4+ Ka3 78.
Qa7+ Kb2 79. Kg7 Qe6 80. e5 1-0

[Event "FIDE World Cup 2021"]
[Site "Krasnaya Polyana RUS"]
[Date "2021.07.19"]
[Round "3.2"]
[White "Adhiban, Baskaran"]
[Black "Vidit, Santosh Gujrathi"]
[Result "1-0"]
[WhiteElo "2660"]
[BlackElo "2726"]
[PlyCount "131"]
[EventDate "2021.07.12"]

1. c4 c5 2. Nf3 Nf6 3. Nc3 Nc6 4. e3 e5 5. d4 exd4 6. exd4 d5 7. Bg5 cxd4 8.
Nxd5 Be6 9. Qb3 Bxd5 10. cxd5 Bb4+ 11. Kd1 Qxd5 12. Bc4 Qd7 13. Bb5 Qd6 14. a3
Ba5 15. Bxf6 gxf6 16. Qa4 Bb6 17. Rc1 Rc8 18. Kc2 O-O 19. Kb1 Ne5 20. Nxe5 fxe5
21. Bd3 Rxc1+ 22. Rxc1 f5 23. f3 Kh8 24. Qb5 Qe7 25. Qd5 Rd8 26. Qb3 e4 27.
fxe4 fxe4 28. Re1 e3 29. Rf1 Kg7 30. Qd1 e2 31. Bxe2 Rf8 32. Rh1 Kh8 33. Bd3
Ba5 34. Qa4 Bb6 35. Rc1 Qe3 36. Rd1 Qe6 37. Qb4 Re8 38. Rf1 Qe7 39. Qb5 Bc5 40.
Qb3 Rf8 41. Rxf8+ Qxf8 42. Qxb7 Qe7 43. Qc8+ Kg7 44. Qf5 Kh8 45. g4 Bd6 46. g5
Bxh2 47. Qc8+ Kg7 48. Qh3 Be5 49. Qxh7+ Kf8 50. Qf5+ Ke8 51. g6 Kd8 52. Qe4 Kc7
53. Qd5 Bg7 54. Be4 Qd7 55. Qxd7+ Kxd7 56. b4 Ke6 57. Kc2 Bh6 58. Kb3 Bc1 59.
Bd3 Kf6 60. a4 Kg7 61. Kc4 Bd2 62. Kb5 Be1 63. Ka6 Bxb4 64. Kxa7 Ba5 65. Ka6
Bc7 66. Kb5 1-0

[Event "FIDE World Cup 2021"]
[Site "Krasnaya Polyana RUS"]
[Date "2021.07.19"]
[Round "3.2"]
[White "Andreikin, Dmitry"]
[Black "Nihal, Sarin"]
[Result "1/2-1/2"]
[WhiteElo "2724"]
[BlackElo "2620"]
[PlyCount "61"]
[EventDate "2021.07.12"]

1. e4 c5 2. c3 Nf6 3. e5 Nd5 4. d4 cxd4 5. Nf3 Nc6 6. cxd4 d6 7. Bc4 Nb6 8. Bb5
dxe5 9. Nxe5 Bd7 10. Nxd7 Qxd7 11. Nc3 e6 12. O-O Rd8 13. Be3 Be7 14. Qb3 O-O
15. Rfd1 Nd5 16. Nxd5 Qxd5 17. Qxd5 Rxd5 18. Bxc6 bxc6 19. Rdc1 Bf6 20. Rxc6
Bxd4 21. Rd1 Bxb2 22. Rxd5 exd5 23. Rd6 d4 24. Bxd4 Bxd4 25. Rxd4 Re8 26. Kf1
Kf8 27. Rd7 Re7 28. Rd8+ Re8 29. Rd7 Re7 30. Rd8+ Re8 31. Rd7 1/2-1/2

[Event "FIDE World Cup 2021"]
[Site "Krasnaya Polyana RUS"]
[Date "2021.07.19"]
[Round "3.2"]
[White "Shirov, Alexei"]
[Black "Vitiugov, Nikita"]
[Result "1/2-1/2"]
[WhiteElo "2662"]
[BlackElo "2724"]
[PlyCount "127"]
[EventDate "2021.07.12"]

1. e4 e5 2. Nf3 Nc6 3. Bb5 a6 4. Ba4 Nf6 5. O-O Be7 6. Qe2 b5 7. Bb3 d6 8. c3
O-O 9. d4 Bg4 10. Rd1 Qc8 11. Be3 Na5 12. Bc2 Nc4 13. Bc1 Re8 14. h3 Bh5 15. b3
Nb6 16. dxe5 dxe5 17. Nbd2 Qe6 18. a4 Qc6 19. c4 Bd6 20. Nf1 bxa4 21. bxa4 a5
22. Ng3 Bg6 23. Nh4 Qxc4 24. Bd3 Qe6 25. Be3 Bb4 26. Rdc1 Red8 27. Bb5 Nc8 28.
Bc4 Qe8 29. Bg5 c6 30. Bxf6 gxf6 31. Nh5 Kh8 32. Qf3 Qe7 33. Nf5 Bxf5 34. Qxf5
Nd6 35. Qf3 Ne8 36. Rd1 Bc5 37. Rab1 Bd4 38. Ng3 Nd6 39. Ba2 Rg8 40. Kh2 Rab8
41. Rdc1 Rbc8 42. Rc2 Rc7 43. Bc4 Rcc8 44. Ba6 Rc7 45. Rb3 Qe6 46. Bc4 Qe7 47.
Be2 Rcc8 48. Ba6 Rc7 49. Rc1 Qe6 50. Bc4 Qe7 51. Be2 Rcc8 52. Ba6 Rc7 53. Rcb1
Ra7 54. Rb8 Ra8 55. Rxa8 Rxa8 56. Nf5 Nxf5 57. Rb7 Qe6 58. exf5 Qd5 59. Qh5 Rg8
60. Bf1 Rg7 61. Rb8+ Rg8 62. Rb7 Rg7 63. Rb8+ Rg8 64. Rb7 1/2-1/2

[Event "FIDE World Cup 2021"]
[Site "Krasnaya Polyana RUS"]
[Date "2021.07.19"]
[Round "3.2"]
[White "Esipenko, Andrey"]
[Black "Abasov, Nijat"]
[Result "1-0"]
[WhiteElo "2716"]
[BlackElo "2656"]
[PlyCount "73"]
[EventDate "2021.07.12"]

1. e4 c5 2. Nf3 e6 3. d4 cxd4 4. Nxd4 Nf6 5. Nc3 Nc6 6. Nxc6 bxc6 7. e5 Nd5 8.
Ne4 Qc7 9. f4 Qb6 10. c4 Bb4+ 11. Ke2 f5 12. Nf2 Ba6 13. Kf3 Ne7 14. Be3 Bc5
15. Bxc5 Qxc5 16. Qa4 Bb7 17. h4 Qb6 18. Qa3 c5+ 19. Kg3 O-O 20. Rd1 Rfd8 21.
Be2 Rab8 22. Rd2 Nc6 23. Rd6 Qb4 24. Qxb4 Nxb4 25. a3 Nc2 26. Rc1 Nd4 27. Bd1
Be4 28. b4 Kf8 29. Rc3 Ke7 30. bxc5 Nc6 31. Nxe4 fxe4 32. Bc2 e3 33. Rxe3 Na5
34. Ra6 Rb2 35. Bxh7 Nxc4 36. Rc3 Nd2 37. Bc2 1-0

[Event "FIDE World Cup 2021"]
[Site "Krasnaya Polyana RUS"]
[Date "2021.07.19"]
[Round "3.2"]
[White "Malakhov, Vladimir"]
[Black "Dubov, Daniil"]
[Result "1/2-1/2"]
[WhiteElo "2666"]
[BlackElo "2714"]
[PlyCount "60"]
[EventDate "2021.07.12"]

1. Nf3 Nf6 2. g3 g6 3. Bg2 Bg7 4. d4 O-O 5. O-O d5 6. c3 Re8 7. a4 a5 8. Bf4
Nbd7 9. Na3 c6 10. c4 Nb6 11. cxd5 Nfxd5 12. Bd2 Nb4 13. Nc2 Bg4 14. Nxb4 axb4
15. a5 Bxf3 16. Bxf3 Qxd4 17. e3 Qxb2 18. Rb1 Qa2 19. Bxb4 Nc4 20. Qb3 Qxb3 21.
Rxb3 Nxa5 22. Bxa5 Rxa5 23. Rxb7 Ra1 24. Rxa1 Bxa1 25. Bxc6 Rc8 26. Bf3 Bf6 27.
Ra7 Rb8 28. Ra8 Rxa8 29. Bxa8 e6 30. Kg2 Be7 1/2-1/2

[Event "FIDE World Cup 2021"]
[Site "Krasnaya Polyana RUS"]
[Date "2021.07.19"]
[Round "3.2"]
[White "Svidler, Peter"]
[Black "Cheparinov, Ivan"]
[Result "1/2-1/2"]
[WhiteElo "2714"]
[BlackElo "2667"]
[PlyCount "61"]
[EventDate "2021.07.12"]

1. e4 e5 2. Nf3 Nc6 3. Bb5 Nf6 4. O-O Nxe4 5. d4 Nd6 6. Ba4 e4 7. Ne5 Be7 8.
Nc3 O-O 9. Re1 f5 10. Bb3+ Kh8 11. Nd5 Nxe5 12. dxe5 Nf7 13. Bf4 d6 14. Nxe7
Qxe7 15. exd6 Nxd6 16. Qd5 Re8 17. Bxd6 Qxd6 18. Qxd6 cxd6 19. Rad1 Bd7 20.
Rxd6 Bc6 21. Red1 g6 22. Bd5 Bxd5 23. R1xd5 Re7 24. Kf1 Kg7 25. Ke2 Rc8 26. c3
Rc4 27. g3 Kf7 28. Ke3 Re6 29. Rd7+ Re7 30. R7d6 Re6 31. Rd7+ 1/2-1/2

[Event "FIDE World Cup 2021"]
[Site "Krasnaya Polyana RUS"]
[Date "2021.07.19"]
[Round "3.2"]
[White "Bluebaum, Matthias"]
[Black "Ivic, Velimir"]
[Result "1/2-1/2"]
[WhiteElo "2669"]
[BlackElo "2582"]
[PlyCount "63"]
[EventDate "2021.07.12"]

1. d4 Nf6 2. c4 g6 3. h4 Bg7 4. Nc3 Nc6 5. Nf3 d6 6. d5 Nb8 7. e4 c6 8. Be2 Bg4
9. Be3 Qa5 10. O-O O-O 11. Nd4 Bxe2 12. Qxe2 h5 13. f3 Rc8 14. Rac1 Nbd7 15.
Qd2 Ne5 16. b3 a6 17. dxc6 bxc6 18. Rfd1 c5 19. Nde2 Nc6 20. g3 Qc7 21. Kg2 Qb7
22. Nd5 Nd7 23. Rb1 Nde5 24. Rdc1 Rab8 25. Rd1 e6 26. Ndc3 Rd8 27. Qe1 Nb4 28.
Qf1 Rbc8 29. Rd2 d5 30. exd5 exd5 31. cxd5 Nxd5 32. Nxd5 1/2-1/2

[Event "FIDE World Cup 2021"]
[Site "Krasnaya Polyana RUS"]
[Date "2021.07.19"]
[Round "3.2"]
[White "Xiong, Jeffery"]
[Black "Grandelius, Nils"]
[Result "1-0"]
[WhiteElo "2709"]
[BlackElo "2661"]
[PlyCount "63"]
[EventDate "2021.07.12"]

1. d4 Nf6 2. Nf3 g6 3. c4 Bg7 4. Nc3 d5 5. cxd5 Nxd5 6. e4 Nxc3 7. bxc3 c5 8.
Rb1 O-O 9. Be2 Bg4 10. Rxb7 cxd4 11. Nxd4 Qc8 12. Rb3 Bxe2 13. Nxe2 Nc6 14. O-O
Rd8 15. Qc2 Ne5 16. h3 Qc6 17. Bg5 Rd7 18. Rd1 h6 19. Rxd7 Qxd7 20. Bh4 Rd8 21.
Nd4 Nc6 22. Nxc6 Qxc6 23. Bxe7 Re8 24. Bh4 Rxe4 25. Bg3 Re1+ 26. Kh2 Qc4 27. f3
Ra1 28. Qf2 Bxc3 29. Qe3 Bd4 30. Rb8+ Kh7 31. Be5 Bxe5+ 32. Qxe5 1-0

[Event "FIDE World Cup 2021"]
[Site "Krasnaya Polyana RUS"]
[Date "2021.07.19"]
[Round "3.2"]
[White "Idani, Pouya"]
[Black "Tomashevsky, Evgeny"]
[Result "1/2-1/2"]
[WhiteElo "2614"]
[BlackElo "2706"]
[PlyCount "104"]
[EventDate "2021.07.12"]

1. e4 e5 2. Nf3 Nc6 3. Bb5 Nf6 4. O-O Nxe4 5. Re1 Nd6 6. Nxe5 Be7 7. Bf1 Nxe5
8. Rxe5 O-O 9. d4 Bf6 10. Re1 Re8 11. Rxe8+ Nxe8 12. d5 d6 13. Nd2 Bg5 14. c4
Bd7 15. Qb3 b6 16. Nf3 Bxc1 17. Rxc1 a5 18. Nd4 Qg5 19. Re1 Nf6 20. Qe3 Qxe3
21. Rxe3 Re8 22. Rxe8+ Nxe8 23. h4 g6 24. f3 f5 25. Kf2 Kf7 26. Bd3 Kf6 27. g3
h6 28. f4 Ng7 29. Be2 Ke7 30. Ke3 Kf6 31. b3 Ke7 32. a3 Kf6 33. b4 axb4 34.
axb4 Ke7 35. Bf3 Kd8 36. Ne2 Ke7 37. Kd4 Ne8 38. Nc1 Nf6 39. Nd3 Ne8 40. Nb2
Kf6 41. Nd1 g5 42. hxg5+ hxg5 43. fxg5+ Kxg5 44. Ke3 Nf6 45. Nf2 Nh7 46. Nd3
Be8 47. b5 Bf7 48. Nb4 Nf6 49. Na6 Ne8 50. Be2 Bg6 51. Bd1 Bf7 52. Bf3 Bg6
1/2-1/2

[Event "FIDE World Cup 2021"]
[Site "Krasnaya Polyana RUS"]
[Date "2021.07.19"]
[Round "3.2"]
[White "Yu, Yangyi"]
[Black "Tabatabaei, M. Amin"]
[Result "1/2-1/2"]
[WhiteElo "2705"]
[BlackElo "2613"]
[PlyCount "124"]
[EventDate "2021.07.12"]

1. e4 e5 2. Nf3 Nc6 3. Bb5 a6 4. Ba4 Nf6 5. d3 Bc5 6. Bxc6 dxc6 7. O-O Nd7 8.
c3 O-O 9. d4 Bd6 10. Bg5 f6 11. Bh4 Qe8 12. Nbd2 Qf7 13. Bg3 a5 14. Qc2 b6 15.
Rfe1 Re8 16. Nf1 c5 17. Ne3 cxd4 18. cxd4 exd4 19. Nxd4 Bxg3 20. hxg3 Nc5 21.
f3 Bb7 22. b3 Rad8 23. Rad1 Rd7 24. Rd2 Red8 25. Red1 h5 26. g4 hxg4 27. Nxg4
Bc8 28. Ne3 Bb7 29. Ng4 Bc8 30. Qc3 Ne6 31. Nf5 Rxd2 32. Rxd2 Rxd2 33. Qxd2 Qd7
34. Qf2 Ng5 35. Qc2 Nf7 36. Nge3 Qd8 37. Qc4 Bxf5 38. Nxf5 Qd7 39. Qd5 Qd8 40.
Kf2 Kf8 41. Ne3 Ke7 42. Kg3 Nd6 43. Qh5 Qg8 44. Nd5+ Kd8 45. Qg6 Ne8 46. f4 Qe6
47. Kf3 a4 48. bxa4 c6 49. f5 Qe5 50. Ne3 Nd6 51. Qg4 Ke8 52. Qf4 Qd4 53. g4
Nf7 54. Qb8+ Ke7 55. Qc7+ Kf8 56. Qc8+ Ke7 57. Qe6+ Kf8 58. Ke2 Qb2+ 59. Kd1
Qd4+ 60. Ke2 Qb2+ 61. Ke1 Qc3+ 62. Ke2 Qb2+ 1/2-1/2

[Event "FIDE World Cup 2021"]
[Site "Krasnaya Polyana RUS"]
[Date "2021.07.19"]
[Round "3.2"]
[White "Gelfand, Boris"]
[Black "Artemiev, Vladislav"]
[Result "1/2-1/2"]
[WhiteElo "2675"]
[BlackElo "2704"]
[PlyCount "64"]
[EventDate "2021.07.12"]

1. Nf3 d5 2. d4 e6 3. c4 a6 4. cxd5 exd5 5. Nc3 c6 6. Qc2 Bd6 7. Bg5 Ne7 8. e3
f6 9. Bh4 Bf5 10. Qb3 Nd7 11. Bg3 Bxg3 12. hxg3 Qb6 13. Be2 Kf7 14. Nh4 Qxb3
15. axb3 Be6 16. b4 Nb6 17. Nf3 h5 18. Nd2 g6 19. Nb3 Nf5 20. Nc5 Nd6 21. b3
Rae8 22. Kd2 Bc8 23. Rh2 Kg7 24. Rah1 f5 25. Rc1 Re7 26. Nd3 Nd7 27. f4 Nf6 28.
Bf3 Ng4 29. Bxg4 fxg4 30. Ne5 Nf5 31. Ne2 Nd6 32. Nc3 Nf5 1/2-1/2

[Event "FIDE World Cup 2021"]
[Site "Krasnaya Polyana RUS"]
[Date "2021.07.19"]
[Round "3.2"]
[White "Amin, Bassem"]
[Black "Bacrot, Etienne"]
[Result "1/2-1/2"]
[WhiteElo "2703"]
[BlackElo "2678"]
[PlyCount "61"]
[EventDate "2021.07.12"]

1. Nf3 d5 2. g3 Nf6 3. Bg2 e6 4. O-O Be7 5. d3 O-O 6. Nbd2 Nc6 7. e4 dxe4 8.
dxe4 e5 9. Nc4 Qxd1 10. Rxd1 Nxe4 11. Nfxe5 Nxe5 12. Nxe5 Nd6 13. a4 Bf5 14.
Nd3 Rad8 15. a5 Bf6 16. Bf4 g5 17. Be5 Bxe5 18. Nxe5 Rfe8 19. Nf3 g4 20. Nd4
Bg6 21. b4 Ne4 22. Bxe4 Bxe4 23. c3 a6 24. Re1 f5 25. Re3 Kf7 26. Rae1 Kf6 27.
Nb3 Bc6 28. Rxe8 Bxe8 29. Nd4 Bf7 30. f3 gxf3 31. Kf2 1/2-1/2